| Tag |
First Indicator |
Second Indicator |
Subfields |
| LEADER |
00000cam a2200000Ka 4500 |
| 001 |
in00002429721 |
| 005 |
20190327171459.0 |
| 006 |
m d |
| 007 |
cr un||||||||| |
| 008 |
060323s2004 enka sb 001 0 eng d |
| 029 |
1 |
|
|a NZ1
|b 10998997
|
| 035 |
|
|
|a (OCoLC)ocm65192315
|
| 035 |
|
|
|a (OCoLC)65192315
|
| 040 |
|
|
|a EEICP
|c EEICP
|d UtOrBLW
|
| 043 |
|
|
|a e------
|
| 049 |
|
|
|a TEFA
|
| 050 |
1 |
4 |
|a T55
|b .S56 2004eb
|
| 082 |
0 |
4 |
|a 363.11/062/094
|2 22
|
| 100 |
1 |
|
|a Smith, David J.
|q (David John),
|d 1943 June 22-
|
| 245 |
1 |
0 |
|a Functional safety :
|b a straightforward guide to applying IEC 61508 and related standards /
|c David J. Smith, Kenneth G.L. Simpson.
|
| 250 |
|
|
|a 2nd ed.
|
| 264 |
|
1 |
|a Oxford ;
|a Burlington, MA :
|b Elsevier Butterworth-Heinemann,
|c 2004.
|
| 300 |
|
|
|a 1 online resource (x, 263 pages) :
|b illustrations
|
| 336 |
|
|
|a text
|b txt
|2 rdacontent
|
| 337 |
|
|
|a computer
|b c
|2 rdamedia
|
| 338 |
|
|
|a online resource
|b cr
|2 rdacarrier
|
| 504 |
|
|
|a Includes bibliographical references (pages [252]-254) and index.
|
| 500 |
|
|
|a Electronic resource.
|
| 650 |
|
0 |
|a Industrial safety
|x Standards
|z European Union countries.
|
| 650 |
|
0 |
|a Process control
|x Standards
|z European Union countries.
|
| 650 |
|
0 |
|a Manufacturing processes
|x Safety measures
|x Standards
|z European Union countries.
|
| 655 |
|
0 |
|a Electronic books.
|
| 700 |
1 |
|
|a Simpson, Kenneth G. L.
|
| 710 |
2 |
|
|a Elsevier Science Publishers.
|
| 730 |
0 |
|
|a Referex.
|
| 776 |
1 |
|
|c Original
|z 0750662697
|w (DLC) 2004050690
|
| 856 |
4 |
0 |
|u http://proxy.library.tamu.edu/login?url=http://www.sciencedirect.com/science/book/9780080477923
|z Connect to the full text of this electronic book
|t 0
|
| 994 |
|
|
|a C0
|b TEF
|
| 999 |
|
|
|a MARS
|
| 999 |
f |
f |
|s a5cbdaec-26e6-3d3a-a3ff-51b436c96f78
|i 3d7197c5-1357-30c4-b0dc-f4f134e720a1
|t 0
|
| 952 |
f |
f |
|a Texas A&M University
|b College Station
|c Electronic Resources
|d Available Online
|t 0
|e T55 .S56 2004eb
|h Library of Congress classification
|
| 998 |
f |
f |
|a T55 .S56 2004eb
|t 0
|l Available Online
|